S novou vzduchovkou sa Jožovi Göncimu strieľalo v Haagu veľmi dobre Za svetovým rekordom zaostal iba o bod

Bibliographic Details
Main Author: Jabrik, Peter (Author)
Format: Article
Language:Slovak
Subjects:

MARC

LEADER 00000nab a2200000 a 4500
001 vtls000902758
003 SK-MaSNL
005 20260303182219.0
008 040720e19980210xo 0 slo
035 |a KE11729 
040 |a KEVKJB  |b slo  |c KEVKJB  |e AACR2 
041 0 |a slo 
044 |a xo  |c SK 
080 |a 799.3  |2 1981 
080 |a 929  |2 1981 
100 1 |a Jabrik, Peter  |4 aut  |9 879309 
245 1 0 |a S novou vzduchovkou sa Jožovi Göncimu strieľalo v Haagu veľmi dobre  |b Za svetovým rekordom zaostal iba o bod 
500 |a číslo O. 
590 |a Gönci, Jozef 1975-,  |b športový strelec, podporučík 
600 1 7 |a Gönci, Jozef,  |d 1974-,  |2 KEVKJB  |9 104368 
611 1 7 |a Inter Shot  |2 KEVKJB  |9 1209678 
650 0 7 |a streľba  |2 KEVKJB  |9 3228 
650 0 7 |a umiestnenie  |2 KEVKJB  |9 873446 
650 0 7 |a osobnosti  |2 KEVKJB  |9 29820 
650 0 7 |a úspechy športové  |2 KEVKJB  |9 873251 
651 7 |a Haag (Holandsko)  |2 KEVKJB  |9 29631 
651 7 |a Košice (Slovensko)  |2 KEVKJB  |9 18694 
651 7 |a KE,  |2 KEVKJB  |9 877256 
655 7 |a periodikum  |2 snkbucl  |9 29553 
773 0 8 |t Korzár  |g Roč. 1, 10.2.1998, s. 15 
852 |a ZVYKNI  |b KIS3GCP 
999 |c 2116151  |d 2118081